000 00427nam a2200181Ia 4500
001 5096
005 20260306145843.0
008 260306t2009||||xx |||||||||||||| ||spa||
041 _aESP
082 _a332.742
_bC76 2009
100 _aConger, Lucy
_eAUT
245 4 _aThe mustard tree:
_ba history of microfinance in PerĂº
260 _c2009
300 _a
_c
650 _aGEN
654 _aCAN
942 _cLIB
_dJUS
_fJUS
_2ddc
_n
999 _c5096
_d5096